000 00565nam a2200217Ia 4500
003 OSt
005 20220928144454.0
006 a|||||r|||| 00| 0
007 ta
008 220927b |||||||| |||| 00| 0 eng d
024 _a71023
037 _cTextual
040 _aSDCL
_cSDCL
_beng
041 _2eng
_aeng
082 _aX653k, M7 RR
100 _aAbbott Damien
_9507781
245 0 _aEncyclopedia of real estate terms.
260 _c1987
942 _hX653k, M7 RR
_cTEXL
_2CC
999 _c827306
_d827306